000
00222nam a22001097a 4500
041
_a
eng
080
_a
80
100
_a
Grzeszczuk, S.
245
_a
Literatura Polska w Szkole Sredniej.
650
_a
Polish
999
_c
278058
_d
278058
942
_c
BK